Normal view
MARC view
- Methods of Mathematics
Entry Topical Term
001 - CONTROL NUMBER
- control field: 113916
003 - CONTROL NUMBER IDENTIFIER
- control field: NUST
005 - DATE AND TIME OF LATEST TRANSACTION
- control field: 20230802200224.0
008 - FIXED-LENGTH DATA ELEMENTS
- fixed length control field: 230802|| aca||aabn | a|a d
040 ## - CATALOGING SOURCE
- Original cataloging agency: NUST
- Transcribing agency: NUST
150 ## - HEADING--TOPICAL TERM
- Topical term or geographic name entry element: Methods of Mathematics
670 ## - SOURCE DATA FOUND
- Source citation: Work cat.: (NUST): Hamming Richard W 113915, Methods of Mathematics Applied to Calculus, Probability, and Statistics, 2004.
